|
|
|
|
| LEADER |
01171nam a2200337 a 4500 |
| 001 |
000421884 |
| 003 |
CZ BrMZK |
| 005 |
20160719204325.0 |
| 007 |
ta |
| 008 |
010907s1999 xr f cze d |
| 015 |
|
|
|a cnb000654680
|
| 020 |
|
|
|a 80-7203-107-4
|
| 035 |
|
|
|a (OCoLC)43807649
|
| 040 |
|
|
|a BOA001
|b cze
|
| 080 |
|
|
|a 329.18
|2 MRF
|
| 100 |
1 |
|
|a Nolte, Ernst,
|d 1923-2016
|7 jn19990006158
|4 aut
|
| 245 |
1 |
0 |
|a Fašismus ve své epoše /
|c Ernst Nolte
|
| 250 |
|
|
|a Vyd. 1.
|
| 260 |
|
|
|a Praha :
|b Argo,
|c 1999
|
| 300 |
|
|
|a 695 s. ;
|c 21 cm
|
| 490 |
1 |
|
|a Historické myšlení ;
|v sv. 8
|
| 653 |
0 |
|
|a fašismus
|
| 765 |
0 |
|
|t <<Der >>Faschismus in seiner Epoche
|9 Česky
|
| 830 |
|
0 |
|a Historické myšlení
|0 s
|
| 856 |
4 |
1 |
|u http://www.digitalniknihovna.cz/mzk/uuid/uuid:942923f0-1c90-11e4-8f64-005056827e52
|y Digitalizovaný dokument
|x NDK
|
| 910 |
|
|
|a BOA001
|b 2-1060.930
|b PK-0131.740
|
| 920 |
|
|
|a 000405695
|
| 964 |
|
|
|a Fašismus
|
| 990 |
|
|
|a BK
|
| 996 |
6 |
|
|b 2610095172
|c 2-1060.930
|l MZK
|r Sklad / do 1 hodiny
|n 34
|p p.v.
|w 000421884
|u 000010
|a 1
|e BOA001
|j MZK50
|s P
|
| 996 |
6 |
|
|b 3119016239
|c PK-0131.740
|l MZK
|r HSS 4p
|n 5
|p kup
|h 329 NOL
|w 000421884
|u 000020
|a 0
|e BOA001
|j MZK50
|s P
|